Wygraj wybory na przewodniczącego Parlamentu UE! - Statystyki

Ogólne statystyki
  • Ten quiz został rozwiązany 3 477 razy
  • Średni wynik to 231 z 445
Odpowiedzi na mapie
Odpowiedzi zakodowano w zielono-czerwonej skali na mapie do tego quizu, zgodnie z poniższymi procentami.
 
Statystyki odpowiedzi
# Państwo % Poprawnych
38 Polska
90%
82 Niemcy
82%
66 Francja
74%
46 Hiszpania
59%
61 Włochy
50%
10 Szwecja
45%
5 Finlandia
21%
10 Czechy
18%
20 Rumunia
18%
5 Irlandia
17%
17 Holandia
16%
10 Portugalia
16%
12 Belgia
15%
3 Litwa
15%
2 Łotwa
13%
6 Dania
11%
1 Estonia
11%
9 Austria
9%
11 Grecja
8%
5 Słowacja
8%
10 Węgry
8%
7 Bułgaria
3%
4 Chorwacja
2%
1 Malta
2%
1 Cypr
1%
1 Luksemburg
1%
2 Słowenia
1%
Nie znaleziono quizów pasujących do podanych kryteriów
Rozkład punktacji
Procent ludzi z każdym wynikiem
Percentyl według liczby udzielonych odpowiedzi
Twoja historia wyników
Nie rozwiązałeś tego quizu